Statistics for Characters by Planet of Origin

Click here to take the quiz!

General Stats

  • This quiz has been taken 6 times
  • The average score is 8 of 16

Answer Stats

HintAnswer% Correct
SupermanKrypton
83%
Anakin SkywalkerTatooine
83%
The Doctor (Doctor Who)Gallifrey
67%
Amy Wong (Futurama)Mars
67%
Padmé AmidalaNaboo
67%
NeytiriPandora
67%
SpockVulcan
67%
Optimus PrimeCybertron
50%
MorkOrk
50%
DarkseidApokolips
33%
AlfMelmac
33%
GokuVegeta
33%
Paul AtreidesCaladan
17%
(Invader) ZimIrk
17%
WorfQo'noS
17%
Omni-ManViltrum
17%

Score Distribution

Percentile by Number Answered

Percent of People with Each Score

Your Score History

You have not taken this quiz